| 000 | 00757nam a22001937a 4500 | ||
|---|---|---|---|
| 999 |
_c196330 _d196330 |
||
| 005 | 20230712160041.0 | ||
| 010 | _aB-751339-350 CHEN 25.5.23 | ||
| 020 |
_a9789384625993 _c1500.00 |
||
| 035 | _aB-751339-350 | ||
| 037 | _bOm Books International | ||
| 082 | _a030 | ||
| 245 | _aChildren's Illustrated Encyclopedia / | ||
| 260 |
_aNew Delhi _bOm Books International _c2021(repr.) |
||
| 270 |
_a107, Ansari Road, Darya Ganj, New Delhi _bNew Delhi _e110002 |
||
| 300 |
_a504p. _bcol.ill _c28cm(Hb) |
||
| 500 | _aIndex Included | ||
| 942 |
_2ddc _cCH _mCHI _h030 |
||